000
00308 a2200121 4500
000
nam a22 7a 4500
005
20260217100051.0
020
_a
9781683933489
100
_a
Sleasman brent C.
_9
1116068
245
_a
Sacred rhetoric: Discourses in identity and meaning
260
_c
2024
942
_c
TEXL
999
_c
1679840
_d
1679840